| 000 | 00608nas a2200217 4500 | ||
|---|---|---|---|
| 001 | BR5000103 | ||
| 003 | BR-BrBNA | ||
| 005 | 20231205081921.0 | ||
| 007 | ta | ||
| 008 | 230509b bl.|||p| |||| 00| 00por d | ||
| 040 |
_aBR-BrBNA _bpor _cBiblioteca Nacional de Agricultura |
||
| 041 | _a(Pt) | ||
| 072 | _aF00 | ||
| 100 | 1 | _aAndersen, O. | |
| 245 | 1 | _aCultura da roseira [Rosa spp.] | |
| 650 | _aROSA | ||
| 650 | _aPRATICA CULTURAL | ||
| 773 | 0 |
_tRevista Ceres (Brazil) _xISSN 0034-737X _g(Jan-Jun 1950), v. 8(46) p. 258-277 _wBR5000103 |
|
| 909 |
_a202311 _bLúcia _c55 _dLúcia Elande |
||
| 942 |
_2AGRIS _n0 _cANA |
||
| 999 |
_c87800 _d87800 |
||